| 000 | 00565nam a2200181Ia 4500 | ||
|---|---|---|---|
| 999 |
_c23508 _d23508 |
||
| 003 | OSt | ||
| 005 | 20200515090759.0 | ||
| 008 | 190216s9999||||xx |||||||||||||| ||und|| | ||
| 040 | _coclc | ||
| 082 |
_a297 _bABI/N |
||
| 100 |
_aAbid, T Zainul _92278 |
||
| 245 | 0 |
_aNew Trends And Devlopments In Islamic Historic Research / _cT Zainul Abid |
|
| 250 | _a1st Ed. | ||
| 260 |
_bM E S Kalladi College, _c2015. _aMannarkkad: |
||
| 300 | _a99p | ||
| 650 | 0 |
_aHistory & geography _vIslamic History _92271 |
|
| 942 |
_cBK _2ddc _h297 _iABI/N _k297 _mABI/N |
||